Structural adjustment and the working poor in Zimbabwe (Record no. 58651)

MARC details
000 -LEADER
fixed length control field 00737nam a2200193 a 4500
008 - FIXED-LENGTH DATA ELEMENTS--GENERAL INFORMATION
fixed length control field 120416s1995 ||||||||||||||||| || u
020 ## - INTERNATIONAL STANDARD BOOK NUMBER
International Standard Book Number 9171063692
050 ## - LIBRARY OF CONGRESS CALL NUMBER
Classification number HC 910 Str
100 ## - MAIN ENTRY--PERSONAL NAME
Personal name Gibbon, Peter
245 10 - TITLE STATEMENT
Title Structural adjustment and the working poor in Zimbabwe
Statement of responsibility, etc. edited by Peter Gibbon
260 ## - PUBLICATION, DISTRIBUTION, ETC.
Place of publication, distribution, etc. Uppsala
Name of publisher, distributor, etc. Nordiska Africainstitutet
Date of publication, distribution, etc. 1995
300 ## - PHYSICAL DESCRIPTION
Extent 283p. : ill
350 ## - PRICE (NR) (BK AM CF MU VM SE) [OBSOLETE]
Price 0.00
500 ## - GENERAL NOTE
General note Includes bibliographical references.
650 #0 - SUBJECT ADDED ENTRY--TOPICAL TERM
Topical term or geographic name entry element ECONOMICS
650 ## - SUBJECT ADDED ENTRY--TOPICAL TERM
Topical term or geographic name entry element WORKING POOR--ZIMBABWE
650 ## - SUBJECT ADDED ENTRY--TOPICAL TERM
Topical term or geographic name entry element Structural adjustment (Economic policy--Zimbabwe
995 ## - RECOMMENDATION 995 [LOCAL, UNIMARC FRANCE]
-- 0.00
-- CBU-MAIN LIBRARY (Kitwe)
-- 1
-- 15.25
-- 1
-- AVAILABLE
-- Annex Low-Usage Collection
Holdings
Withdrawn status Lost status Source of classification or shelving scheme Damaged status Not for loan Home library Current library Shelving location Date acquired Total Checkouts Full call number Barcode Date last seen Price effective from Koha item type
          CBU-MAIN LIBRARY, KITWE. CBU-MAIN LIBRARY, KITWE.   11/30/2022   HC 910 Str 025728 11/30/2022 11/30/2022 MONOGRAPH